Tres modernistas brasileños /
Gardado en:
| Autor Principal: | |
|---|---|
| Formato: | Desconocido |
| Idioma: | Spanish |
| Publicado: |
Perú :
Centro de Estudios Brasileños,
1979.
|
| Materias: | |
| Etiquetas: |
Engadir etiqueta
Sen Etiquetas, Sexa o primeiro en etiquetar este rexistro!
|
MARC
| LEADER | 000000000a22000000004500 | ||
|---|---|---|---|
| 001 | 002614 | ||
| 041 | 0 | |a spa | |
| 082 | 0 | 4 | |a Br869.108.2 |b T796t |
| 100 | 1 | |a Cassiano, Mario Oswald | |
| 245 | 1 | 0 | |a Tres modernistas brasileños / |c Mario Oswald Cassiano,. |
| 260 | 1 | |a Perú : |b Centro de Estudios Brasileños, |c 1979. | |
| 300 | |a 105 páginas | ||
| 650 | 4 | |a LITERATURA BRASILEÑA | |
| 650 | 4 | |a POESIA | |
| 650 | 4 | |a COLECCIONES | |
| 999 | |c 8993 |d 8993 | ||
| 942 | |c BK |h Br869.108.2 T796t |2 z | ||
